000 00574nam a2200205Ia 4500
003 GCL
008 140319s9999 xx 000 0 eng d
020 _a0679432485
040 _aGCL /
_cGCL
082 0 4 _a327.73009049
_bB W
100 1 _aBUSH, GEORGE
245 1 0 _aA WORLD TRANSFORMED /
_cBUSH, GEORGE
700 1 _aSCOWCRAFT, BRENT
260 _aنيويورك :
_bALFRED A KNOPF ،
_c1998
300 _a22 CM ؛
_cX1V, 590 P
650 0 4 _aBUSH, GEORGE
650 0 4 _aUNITED STATES - FOREIGN RELAITONS - 1989 - 1993
650 0 4 _aSCOWCRAFT, BRENT
942 _2ddc
_cBK
999 _c4822
_d4822